| 000 | 00400nam a22001697a 4500 | ||
|---|---|---|---|
| 003 | OSt | ||
| 005 | 20211227101635.0 | ||
| 008 | 211227b |||||||| |||| 00| 0 eng d | ||
| 020 | _a0132302136 | ||
| 040 | _cHU | ||
| 082 | _a170/THI | ||
| 100 |
_aJACQUES P. THIROUX _925349 |
||
| 245 | _aETHICS THEORY AND PRACTICE | ||
| 260 |
_aNEW JERSEY _bHALL _c2007 |
||
| 300 | _a530P | ||
| 942 |
_2ddc _cBOOKS _n0 |
||
| 999 |
_c24273 _d24273 |
||